Close Behind - Noah Kahan (All Lyrics) - Statistics

General Stats
  • This quiz has been taken 57 times
    54 since last reset
  • The average score is 182 of 219
Answer Stats
Lyrics % Correct
for
100%
I
100%
my
100%
to
100%
To
100%
you
100%
You
100%
a
95%
be
95%
behind
95%
close
95%
Close
95%
mine
95%
of
95%
That
95%
think
95%
all
91%
And
91%
are
91%
could
91%
die
91%
fear
91%
found
91%
life
91%
love
91%
no
91%
So
91%
this
91%
tomorrow
91%
Tomorrow
91%
your
91%
But
86%
change
86%
facts
86%
fears
86%
It's
86%
know
86%
might
86%
reason
86%
thinking
86%
way
86%
worry
86%
You'd
86%
you're
86%
have
82%
should
82%
with
82%
at
77%
just
77%
lose
77%
me
77%
Only
77%
the
77%
won't
77%
brought
73%
crumble
73%
feet
73%
in
73%
luck
73%
timing
73%
I'm
68%
myself
68%
seasons
68%
sorrow
68%
time
68%
When
68%
awake
64%
come
64%
days
64%
half
64%
Is
64%
most
64%
Oh
64%
oh
64%
oh,
64%
dear
59%
fill
59%
from
59%
prepare
59%
something
59%
Without
59%
without
59%
years
59%
live
55%
deceit
50%
regard
50%
sinister
45%
search
41%
Though,
41%
true
36%
Mmm,
23%
mmm
23%
Mmm
23%
No matching quizzes found
Score Distribution
Percent of People with Each Score
Percentile by Number Answered
Your Score History
You have not taken this quiz since the last reset